000 00807nam a2200229Ii 4500
003 JO-AjNU
008 230605s9999||||xx |||||||||||||| ||und||
017 _a2005/9/2167
020 _a978-9957-07-437-7
040 _aJO-AjNU
_bara
_erda
_cJO-AjNU
041 _aara
050 1 4 _aBF39.A4482.2012
100 3 _aعلام، صلاح الدين محمود ,
_eauthor
_942733
245 0 0 _aالإختبارات والمقاييس التربوية والنفسية
250 _aط2
264 3 1 _aعمان:دار الفكر ناشرون وموزعون ، 2012
300 _a264ص
336 _atext
_btxt
_2rdacontent
337 _aunmediated
_bn
_2rdamedia
338 _avolume
_bnc
_2rdacarrier
650 4 _aعلم النفس التربوي-الاختبارات-التربية-علم النفس
_942734
999 _aA18320
_c21888
_d21888